000 00342nam a2200133Ia 4500
005 20260328101514.0
008 260328s9999||||xx |||||||||||||| ||und||
100 _aCenicacelaya, Javier
245 0 _aTrelles Cabarrocas Architects /
_cJavier Cenicacelaya
260 _bAcam Ediciones
300 _a187 p.
650 _aARQUITECTOS
942 _cBK
999 _c9319
_d9319